000 00400nam a2200145Ia 4500
008 240729s9999 xx 000 0 und d
022 _a2299-0054
245 0 _aVideosurgery and Other Miniinvasive Techniques
260 _aPoland
260 _bTermedia Publishing House
650 _aMedicine
856 _uhttps://doaj.org/toc/dbab1c9812314440ab5059244a87243a
942 _2ddc
942 _cDOAJEJ
999 _c71329
_d71329
945 _a1
_bMadushi Gamage
_c1
_dMadushi Gamage